[Event "Excelsior Cup"]
[Site "Goteborg SWE"]
[Date "2004.01.10"]
[Round "3"]
[White "Rogozenko,D"]
[Black "Bellon Lopez,JuM"]
[Result "1-0"]
[WhiteElo "2517"]
[BlackElo "2429"]

1.d4 d5 2.c4 c6 3.Nf3 dxc4 4.a4 Nf6 5.Nc3 Bf5 6.Ne5 Na6 7.e3 Nb4 8.Bxc4 e6
9.O-O Nc2 10.e4 Nxe4 11.Qxc2 Qxd4 12.Nxe4 Qxe5 13.f3 Bxe4 14.Qxe4 Qxe4 15.fxe4 Bc5+
16.Kh1 Rd8 17.b3 Ke7 18.Bb2 f6 19.Rac1 Bb4 20.g4 Rd2 21.Rb1 Bd6 22.e5 Bxe5
23.Bxe5 fxe5 24.Rbe1 b5 25.axb5 cxb5 26.Bxb5 Rd5 27.Bc4 Rc5 28.Rf2 a5 29.Ref1 e4
30.Re2 Re5 31.Rfe1 Kd6 32.Rxe4 Rxe4 33.Rxe4 e5 34.Re2 Rb8 35.Ra2 Ra8 36.Rd2+ Kc5
37.Rd5+ Kb4 38.Rxe5 a4 39.Rb5+ Kc3 40.Bd5 Ra7 41.bxa4 Rxa4 42.Bf3 Kd4 43.Kg2 Ra7
44.Kg3 Rf7 45.Rd5+ Ke3 46.Re5+ Kd4 47.Re4+ Kc5 48.Re6 Kd4 49.h4 Ra7 50.g5  1-0

[Event "88th NY Masters"]
[Site "New York USA"]
[Date "2004.01.20"]
[Round "1"]
[White "Bonin,J"]
[Black "Izoria,Z"]
[Result "1/2-1/2"]
[WhiteElo "2330"]
[BlackElo "2553"]

1.d4 c6 2.c4 d5 3.Nf3 dxc4 4.e3 Be6 5.Qc2 Nf6 6.Bxc4 Bxc4 7.Qxc4 Qa5+ 8.Nbd2 e6
9.O-O Be7 10.b3 O-O 11.Bb2 Nbd7 12.Qc2 Rfd8 13.Nc4 Qf5 14.Qxf5 exf5 15.Na5 Rab8
16.a3 Ne4 17.b4 Nb6 18.Ne5 f6 19.Nd3 Nd5 20.Rac1 Rdc8 21.Rc2 Bd8 22.Nb3 a5
23.bxa5 Ra8 24.Nb4 Ne7 25.a6 bxa6 26.Rfc1 a5 27.Nd3 Rcb8 28.Nbc5 Nxc5 29.Nxc5 a4
30.Bc3 Nd5 31.Bd2 Be7 32.f3 Kf7 33.e4 fxe4 34.fxe4 Nc7 35.Bf4 Rc8 36.Bxc7 Rxc7
37.Rc4 Bxc5 38.Rxc5 Rd7 39.R1c4 Rad8 40.Rxa4 Rxd4 41.Rxd4 Rxd4 42.Rxc6 Rxe4
43.Ra6 Re2 44.h3  1/2-1/2

[Event "1st WinTV Open"]
[Site "Chennai IND"]
[Date "2004.01.24"]
[Round "5"]
[White "Fominyh,A"]
[Black "Ramesh,R"]
[Result "1-0"]
[WhiteElo "2559"]
[BlackElo "2506"]

1.d4 d5 2.Nf3 Nf6 3.c4 c6 4.Qb3 e6 5.Bg5 Nbd7 6.Nc3 h6 7.Bh4 Be7 8.e3 O-O
9.Bd3 dxc4 10.Qxc4 c5 11.Bc2 b6 12.Rd1 Bb7 13.e4 cxd4 14.Rxd4 Rc8 15.Qe2 Qc7
16.O-O e5 17.Rd2 Nc5 18.Rfd1 Rfe8 19.Bxf6 Ba6 20.Qe3 Bxf6 21.Nd5 Qc6 22.b4 Nd7
23.Bb3 Qa8 24.Ba4 b5 25.Bb3 Qb8 26.Nxf6+ Nxf6 27.Rd6 Ng4 28.Qd2 Bb7 29.h3 Nf6
30.Rxf6 gxf6 31.Qxh6 Bxe4 32.Qxf6 Qb7 33.Ng5 Rf8 34.Re1 Bd3 35.Re3 Rc6 36.Ne6  1-0

[Event "Open"]
[Site "Marianske Lazne CZE"]
[Date "2004.01.25"]
[Round "2"]
[White "Bernasek,J"]
[Black "Christensen,H"]
[Result "1-0"]
[WhiteElo "2381"]
[BlackElo "2130"]

1.d4 d5 2.c4 c6 3.Nf3 Nf6 4.Qc2 e6 5.g3 Bd6 6.Bg2 a6 7.O-O O-O 8.Nbd2 Nbd7
9.e4 dxe4 10.Nxe4 Nxe4 11.Qxe4 c5 12.Rd1 Qc7 13.b4 cxb4 14.c5 Be7 15.Bf4 Qa5
16.Qe1 Qa4 17.Rac1 a5 18.Nd2 Ra6 19.Nc4 b6 20.c6 Nf6 21.d5 Nxd5 22.Bxd5 exd5
23.Qxe7 Qxc6 24.Nd6 Qd7 25.Nxc8  1-0

[Event "TCh-FRA Nat1 GpA"]
[Site "Evry FRA"]
[Date "2004.01.30"]
[Round "1"]
[White "Payen,A"]
[Black "Brochet,P"]
[Result "1-0"]
[WhiteElo "2386"]
[BlackElo "2385"]

1.d4 d5 2.c4 c6 3.Nf3 dxc4 4.a4 e6 5.e3 b5 6.b3 Bb4+ 7.Bd2 Bxd2+ 8.Nfxd2 cxb3
9.axb5 b2 10.Ra2 Nf6 11.Qb3 cxb5 12.Bxb5+ Bd7 13.O-O O-O 14.Nc3 Nc6 15.Rxb2 Rb8
16.Qa3 a6 17.Be2 Rxb2 18.Qxb2 a5 19.Qa3 e5 20.d5 Nb4 21.e4 Nc2 22.Qd6 Qc8
23.Nc4 Bg4 24.f3 Rd8 25.Qc6 Bd7 26.Qxc8 Rxc8 27.Rc1 Nd4 28.Bf1 a4 29.Ra1 Nc2
30.Ra2 Ne3 31.Nxe3 Rxc3 32.Kf2 Ne8 33.Nc4 Bb5 34.Nxe5 Bxf1 35.Kxf1 a3 36.Ke2 Nd6
37.Kd2 Rb3 38.Kc2 Re3 39.Ng4 Re1 40.Rxa3 h5 41.Ne3 Re2+ 42.Kd1 Rb2 43.Rc3 f6
44.Rc2 Rb1+ 45.Ke2 Nb5 46.Kf2 Kf7 47.Nc4 h4 48.Rb2 Rc1 49.Rxb5 Rxc4 50.Rb7+ Kf8
51.Ke3 g5 52.f4 f5 53.e5 Rxf4 54.e6 Re4+ 55.Kd3 Ke8 56.Rf7 Re5 57.Kd4 Re2
58.Kc5 Rxg2 59.d6 Rc2+ 60.Kd5 Rd2+ 61.Ke5 f4 62.d7+ Kd8 63.Rf8+ Kc7 64.Rc8+  1-0

[Event "75th ch-GER"]
[Site "Hoeckendorf GER"]
[Date "2004.01.31"]
[Round "2"]
[White "Gutman,L"]
[Black "Schurade,M"]
[Result "0-1"]
[WhiteElo "2497"]
[BlackElo "2370"]

1.d4 d5 2.c4 c6 3.Nf3 Nf6 4.Qc2 g6 5.cxd5 cxd5 6.Bf4 Bg7 7.e3 Nc6 8.Nc3 O-O
9.Be2 Bg4 10.O-O Bxf3 11.Bxf3 e6 12.Na4 Rc8 13.Qb3 Na5 14.Qd3 b6 15.b3 Qd7
16.Be2 Ne4 17.f3 Nd6 18.Rac1 Nc6 19.Qd2 Nb8 20.Qb4 Nf5 21.g4 Ne7 22.Qd6 Qb7
23.Bg5 Nec6 24.Kh1 h6 25.Bh4 Rfe8 26.Qa3 e5 27.Nc3 Nxd4 28.exd4 exd4 29.Bb5 dxc3
30.Bxe8 Rxe8 31.Rfe1 Rxe1+ 32.Rxe1 d4 33.Kg2 d3 34.Re8+ Kh7 35.Bf6 Nd7 36.Bxg7 Kxg7
37.Qe7 c2  0-1

[Event "9th HIT Open"]
[Site "Nova Gorica SLO"]
[Date "2004.02.05"]
[Round "9"]
[White "Tonon,A"]
[Black "Guid,M"]
[Result "1/2-1/2"]
[WhiteElo "2196"]
[BlackElo "2239"]

1.d4 d5 2.c4 c6 3.Nf3 dxc4 4.e4 b5 5.a4 e6 6.Be2 a6 7.O-O Bb7 8.Nc3 Bb4 9.Bd2 Ne7
10.e5 Bxc3 11.bxc3 Nd5 12.Qc2 h6 13.Rfb1 Qc7 14.Qb2 Nb6 15.a5 N6d7 16.Bxc4 c5
17.Be2 Be4 18.Rd1 O-O 19.c4 bxc4 20.Bc3 Nc6 21.dxc5 Bd5 22.Nd2 Rab8 23.Qc2 Ncxe5
24.Bd4 Nc6 25.Be3 Nb4 26.Qc1 Qc6 27.Nxc4 Bxg2 28.Rd6 Qe4 29.Rd4 Qc6 30.Rd6  1/2-1/2

[Event "75th ch-GER"]
[Site "Hoeckendorf GER"]
[Date "2004.02.06"]
[Round "8"]
[White "Bischoff,D"]
[Black "Dresen,U"]
[Result "1/2-1/2"]
[WhiteElo "2182"]
[BlackElo "2312"]

1.d4 d5 2.c4 c6 3.Nf3 Nf6 4.Qc2 dxc4 5.e4 b5 6.b3 cxb3 7.axb3 Bg4 8.Nbd2 e6
9.Bd3 Bxf3 10.Nxf3 Bb4+ 11.Bd2 Bxd2+ 12.Qxd2 O-O 13.O-O a5 14.Rfc1 Qb6 15.Qf4 Nbd7
16.Qd6 Rac8 17.e5 Nd5 18.Bxh7+ Kxh7 19.Qxd7 b4 20.Rc5 Rc7 21.Qd6 Ra8 22.Nd2 a4
23.Nc4 Qb7 24.bxa4  1/2-1/2

[Event "TCh-CZE Extraliga 2003-4"]
[Site "Czech Rep CZE"]
[Date "2004.02.07"]
[Round "6"]
[White "Obsivac,J"]
[Black "Kantorik,M"]
[Result "1-0"]
[WhiteElo "2375"]
[BlackElo "2379"]

1.d4 d5 2.c4 c6 3.Nf3 dxc4 4.a4 b5 5.Nc3 b4 6.Ne4 Qd5 7.Ng3 Nf6 8.e3 a5 9.Ne5 Ba6
10.Be2 Qxg2 11.Bf3 Qh3 12.Nxc6 Bb7 13.Ne5 Qc8 14.Nxc4 Nbd7 15.Bd2 e6 16.Rc1 Qb8
17.e4 Be7 18.Rg1 h5 19.e5 Ng4 20.Ne4 Nxh2 21.Ned6+ Bxd6 22.Nxd6+ Qxd6 23.Bxb7 Qb8
24.Rc8+ Qxc8 25.Bxc8 Rxc8 26.f3 Rc4 27.Be3 Ke7 28.Rg2 Rhc8 29.Rxh2 g6 30.Bg5+ Ke8
31.Qd3 Nb6 32.b3 R4c6 33.Qb5 Kf8 34.Qxa5 Nd5 35.Qb5 Rc3 36.Rb2 Rxf3 37.Rf2 Rxb3
38.Rxf7+ Kg8 39.Qd7 Rb1+ 40.Ke2 Rc2+ 41.Bd2 Nc3+ 42.Kd3  1-0

[Event "5th Montenegro Open"]
[Site "Sozina SCG"]
[Date "2004.02.19"]
[Round "2"]
[White "Manolache,M"]
[Black "Guid,M"]
[Result "1-0"]
[WhiteElo "2456"]
[BlackElo "2239"]

1.d4 d5 2.c4 c6 3.Nf3 dxc4 4.Qc2 b5 5.e4 e6 6.b3 cxb3 7.axb3 Bb4+ 8.Nbd2 Ne7
9.Bd3 Nd7 10.O-O f6 11.Ba3 Bxa3 12.Rxa3 Bb7 13.b4 a6 14.Qa2 Kf7 15.Nb3 Rc8
16.Bc2 Re8 17.Nc5 Nxc5 18.dxc5 Rc7 19.Rd1 Rd7 20.Ng5+ fxg5 21.Rf3+ Nf5 22.Rxd7+ Qxd7
23.exf5 Qd2 24.fxe6+ Ke7 25.Rf7+ Kd8 26.Qa5+  1-0

[Event "48th ch-BLR w"]
[Site "Minsk BLR"]
[Date "2004.02.21"]
[Round "2"]
[White "Gerasimovitch,O"]
[Black "Volchek,N"]
[Result "1/2-1/2"]
[WhiteElo "2226"]
[BlackElo "2192"]

1.d4 d5 2.c4 c6 3.Nf3 Nf6 4.Qc2 e6 5.g3 Be7 6.Bg2 O-O 7.O-O b6 8.b3 Bb7 9.Rd1 Nbd7
10.Nc3 Rc8 11.e4 Nxe4 12.Nxe4 dxe4 13.Qxe4 Ba8 14.Qe2 Bf6 15.Rb1 Qe7 16.c5 Rfd8
17.b4 Nf8 18.Bf4 Ng6 19.Bd6 Qe8 20.Qa6 Be7 21.Qxa7 Bxd6 22.cxd6 b5 23.Qc5 Qf8
24.Ne5 Rxd6 25.Nxg6 hxg6 26.Rd3 Rcd8 27.Rbd1 f6 28.f4 Bb7 29.Be4 Qe8 30.Qc2 Kh7
31.h4 Bc8 32.Qe2 Kg8 33.Qc2 Kh7 34.h5 f5 35.hxg6+ Kxg6 36.Bf3 Bd7 37.Kf2 Qe7
38.Rh1 Be8 39.Ke3 Kf6 40.Qc5 Kf7 41.Bh5+ Kg8 42.Bf3 Qf6 43.Rhd1 Qg6 44.Rg1 Qh6
45.Qe5 Qh2 46.Rg2 Qh1 47.Rd1 Qh6 48.Rc2 Qg6 49.Kf2 Qf6 50.Ke3 Qg6 51.Rh2 Bf7
52.Rg2 Kf8 53.g4 fxg4 54.Rxg4 Qf6 55.Rg5 Bg8 56.Qc5 Bh7 57.Bxc6 Bf5 58.Bxb5 Kg8
59.Qe5 Qh6 60.Rg3 Rd5 61.Qc7 Qf6 62.Qc4 g6 63.Bc6 Qh4 64.Rf3 R5d6 65.Rg1 Qh2
66.Rff1 Rxd4 67.Qxd4 Rxd4 68.Kxd4 Qd2+ 69.Kc5 Qc3+ 70.Kb6 Qxb4+ 71.Kc7 Qa5+
72.Kb7 Qb4+ 73.Kc7 Qa5+  1/2-1/2

[Event "53rd ch-BUL w"]
[Site "Sofia BUL"]
[Date "2004.02.22"]
[Round "6"]
[White "Chilingirova,P"]
[Black "Velcheva,M"]
[Result "1/2-1/2"]
[WhiteElo "2201"]
[BlackElo "2317"]

1.d4 d5 2.c4 c6 3.Nf3 Nf6 4.Qc2 e6 5.g3 dxc4 6.Qxc4 b5 7.Qc2 Bb7 8.Bg2 Nbd7
9.Nc3 c5 10.O-O a6 11.dxc5 Bxc5 12.Nh4 Bxg2 13.Nxg2 Rc8 14.Qd3 O-O 15.Be3 Qb6
16.Rad1 Ne5 17.Bxc5 Qxc5 18.Qb1 Nc4 19.Rd3 Qb4 20.Nd1 Nd2 21.a3 Qa5 22.b4 Nxb1
23.bxa5 Rfd8 24.Nb2 Rxd3 25.Nxd3 Nxa3 26.Nb4 Nd5 27.Nxd5 exd5 28.Nf4 d4 29.Rd1 Rd8
30.Nd3 Nc4 31.Nc5 Nxa5 32.Nxa6 Kf8 33.Rb1  1/2-1/2

[Event "5th Montenegro Open"]
[Site "Sozina SCG"]
[Date "2004.02.23"]
[Round "6"]
[White "Manolache,M"]
[Black "Malakhatko,V"]
[Result "0-1"]
[WhiteElo "2456"]
[BlackElo "2543"]

1.d4 d5 2.c4 c6 3.Nf3 Nf6 4.Nbd2 Bf5 5.g3 e6 6.Bg2 h6 7.O-O Nbd7 8.b3 Be7
9.Bb2 Ne4 10.Rc1 O-O 11.e3 a5 12.c5 Nxd2 13.Qxd2 b6 14.cxb6 Qxb6 15.Nh4 Bh7
16.Bf3 a4 17.Bd1 axb3 18.Bxb3 Rfc8 19.Nf3 Be4 20.Qe2 c5 21.dxc5 Nxc5 22.Bd4 Qb7
23.Nd2 Bd3 24.Qg4 Bf8 25.Rfd1 Qa6 26.Re1 Bf5 27.Qe2 Nd3 28.Rxc8 Qxc8 29.Rf1 Nc1
30.Qd1 Nxa2 31.Kg2 Nb4 32.Qc1 Qb7 33.f3 Nd3 34.Qd1 e5 35.Ba1 Qb4 36.Qe2 Nc5
37.Bxd5 Bd3 38.Rb1 Bxe2 39.Rxb4 Rxa1 40.Rb8 Rd1 41.Rd8 Ne6  0-1

[Event "ch-BRA"]
[Site "Rio de Janeiro BRA"]
[Date "2004.02.27"]
[Round "2"]
[White "Rios Filho,H"]
[Black "Toth,Pe BRA"]
[Result "1-0"]
[WhiteElo "2238"]
[BlackElo "2152"]

1.d4 d5 2.c4 c6 3.Nf3 Nf6 4.Qb3 e6 5.g3 Be7 6.Bg2 O-O 7.O-O Nbd7 8.Nc3 b6
9.Rd1 Bb7 10.Bg5 h6 11.Bxf6 Bxf6 12.e4 dxe4 13.Nxe4 Be7 14.c5 Nf6 15.Nxf6+ gxf6
16.Rac1 b5 17.a3 Qc7 18.Re1 Rfe8 19.Re4 Bf8 20.Rce1 Rad8 21.Qe3 Rd5 22.Bf1 Red8
23.Bd3 Bg7 24.Bc2 Qd7 25.Bb3 a5 26.Bxd5 cxd5 27.Rh4 Kh7 28.Qd2 a4 29.g4 Qc6
30.Rh5 e5 31.Nh4 Bc8 32.Nf5 Bxf5 33.Rxf5 e4 34.h4 Kg8 35.g5 Qe6 36.Qf4 fxg5
37.hxg5 Bxd4 38.gxh6 Kh8 39.Rg5 Bxc5 40.Rd1 Bb6 41.Qe5+  1-0

[Event "TCh-SWE 2003-4"]
[Site "Goteborg SWE"]
[Date "2004.02.28"]
[Round "8"]
[White "Bjork,C"]
[Black "Eriksson,Jon SWE"]
[Result "1/2-1/2"]
[WhiteElo "2334"]
[BlackElo "2296"]

1.d4 d5 2.c4 c6 3.Nf3 Nf6 4.g3 Bf5 5.Bg2 e6 6.O-O h6 7.b3 Nbd7 8.Bb2 Be7
9.Nc3 O-O 10.Nd2 Bh7 11.e4 dxe4 12.Ndxe4 Nxe4 13.Nxe4 Nf6 14.Nc3 Qa5 15.Qe2 Rfe8
16.Rad1 Rad8 17.a3 Qf5 18.Rd2 h5 19.h3 h4 20.Qe3 Bd6 21.b4 a5 22.b5 e5 23.d5 c5
24.g4 Qf4 25.Qxf4 exf4 26.Bf3 Nd7 27.Na4 Be5 28.Kg2 Bxb2 29.Nxb2 Ne5 30.Re1 Nxf3
31.Rxe8+ Rxe8 32.Kxf3 Be4+ 33.Kxf4 f6 34.g5 Bg2 35.gxf6 Re4+ 36.Kf5 gxf6
37.f3 Bxf3 38.d6 Kf7 39.d7 Bh1 40.Nd3 Rd4 41.Ne5+ Ke7 42.Rxd4 cxd4 43.d8=Q+ Kxd8
44.Kxf6 Bg2 45.Kg5 Bxh3 46.Kxh4 Bf1 47.Kg3 Kc7 48.Kf2 Kd6 49.Nf7+ Kc5 50.Kxf1 Kxc4  1/2-1/2

[Event "ch-TUR"]
[Site "Kusadasi TUR"]
[Date "2004.03.04"]
[Round "7"]
[White "Arduman,C"]
[Black "Goksel,D"]
[Result "1/2-1/2"]
[WhiteElo "2319"]
[BlackElo "2130"]

1.d4 d5 2.c4 c6 3.Nf3 Nf6 4.Qb3 dxc4 5.Qxc4 Bf5 6.g3 Nbd7 7.Bg2 e6 8.Nc3 Ne4
9.O-O Nxc3 10.bxc3 Be4 11.Nd2 Bxg2 12.Kxg2 Be7 13.Rb1 Nb6 14.Qb3 Qd5+ 15.e4 Qxb3
16.Nxb3 Nc4 17.Nd2 Nxd2 18.Bxd2 O-O-O 19.Be3 f5 20.f3 g5 21.Rbe1 Rhe8 22.Re2 b6
23.Rfe1 Bf6 24.Bf2 Kd7 25.g4 f4 26.h4 h6 27.Rh1 Rh8 28.a4 Kc7 29.Rc2 Rd7
30.hxg5 hxg5 31.Rxh8 Bxh8 32.Rc1 Rh7 33.Re1 Bf6 34.c4 Rh8 35.Rc1 Rh7 36.Rb1 Rh8
37.Rb3 Rd8 38.Rd3 a5 39.Rd1 c5 40.d5 e5 41.Rh1 Rh8  1/2-1/2

[Event "TCh-SWE 2003-4"]
[Site "Goteborg SWE"]
[Date "2004.03.12"]
[Round "9"]
[White "Ingbrandt,J"]
[Black "Johansson,G1"]
[Result "1-0"]
[WhiteElo "2400"]
[BlackElo "2242"]

1.d4 d5 2.c4 c6 3.Nf3 Nf6 4.Qc2 e6 5.Nbd2 dxc4 6.Nxc4 c5 7.dxc5 Bxc5 8.a3 O-O
9.b4 Bb6 10.Bb2 Bd7 11.Rd1 Qe7 12.e3 Rc8 13.Bd3 a5 14.Qd2 Ne4 15.Qe2 Rxc4
16.Bxc4 axb4 17.O-O bxa3 18.Ba1 Bc5 19.Qc2 Nf6 20.Ng5 Ba4 21.Bb3 Bxb3 22.Qxb3 Nd5
23.Qc2 Qxg5 24.Qxc5 Nd7 25.Qb5 Qd8 26.e4 N5b6 27.Rd6 Qc7 28.Rfd1 Rc8 29.h3 h6
30.Qa5 Qc2 31.Qxa3 Nc4 32.Qg3 g6 33.Rxd7 Qxe4 34.Rd8+ Rxd8 35.Rxd8+ Kh7 36.Rh8+  1-0

[Event "70th ch-BLR"]
[Site "Minsk BLR"]
[Date "2004.03.12"]
[Round "9"]
[White "Lavretzkij,R"]
[Black "Kolesnik,E"]
[Result "1-0"]
[WhiteElo "2390"]
[BlackElo "2406"]

1.d4 d5 2.c4 c6 3.Nf3 Nf6 4.Qc2 dxc4 5.Qxc4 Bf5 6.g3 e6 7.Bg2 Nbd7 8.O-O Be7
9.Nc3 O-O 10.Qb3 Qb6 11.Nd2 Qxd4 12.Qxb7 Rab8 13.Qxc6 Rfc8 14.Nb3 Qg4 15.Qa6 h5
16.Be3 h4 17.Bxa7 hxg3 18.hxg3 Ra8 19.Bxa8 Rxa8 20.Qb7 Rxa7 21.Qxa7 Qh5 22.Qa8+ Bf8
23.Rfd1 e5 24.Qh1 Qg6 25.Qg2 e4 26.Nd5 Bg4 27.Nf4 Qg5 28.Rac1 Ne5 29.Rc3 Bb4
30.Rd8+ Kh7 31.Qh1+ Nh5 32.Rcc8 Ng6 33.Nxh5 Bxh5 34.Qxe4 f5 35.Qxb4 Bxe2
36.Qb8 Bf3 37.Rh8+ Nxh8 38.Rxh8+ Kg6 39.Qe8+  1-0

[Event "ch-VIE"]
[Site "Dalat City VIE"]
[Date "2004.03.13"]
[Round "2"]
[White "Tu Hoang Thong"]
[Black "Nguyen Huynh Minh H"]
[Result "1-0"]
[WhiteElo "2510"]
[BlackElo "2188"]

1.d4 Nf6 2.Nf3 d5 3.c4 c6 4.Qc2 e6 5.Nbd2 Be7 6.g3 O-O 7.Bg2 b6 8.O-O Bb7
9.b3 Nbd7 10.Bb2 Rc8 11.Rac1 c5 12.Qb1 dxc4 13.Nxc4 b5 14.Ncd2 cxd4 15.Rxc8 Qxc8
16.Bxd4 Qa8 17.a4 bxa4 18.bxa4 Ne4 19.Ng5 Bxg5 20.Nxe4 f5 21.Nxg5 Bxg2 22.Rc1 Bd5
23.Rc7 e5 24.Bb2 Qd8 25.Rxa7 Qc8 26.Qd1 Qc6 27.Rc7 Qxc7 28.Qxd5+ Kh8 29.Ne6  1-0

[Event "TCh-SWE 2003-4"]
[Site "Goteborg SWE"]
[Date "2004.03.13"]
[Round "10"]
[White "Solozhenkin,E"]
[Black "Ingbrandt,J"]
[Result "1/2-1/2"]
[WhiteElo "2482"]
[BlackElo "2400"]

1.d4 d5 2.Nf3 Nf6 3.c4 c6 4.Qb3 dxc4 5.Qxc4 Bf5 6.g3 Nbd7 7.Bg2 e6 8.O-O Be7
9.Nc3 Ne4 10.Ne1 Nd6 11.Qa4 e5 12.dxe5 Nxe5 13.Nd5 O-O 14.Nxe7+ Qxe7 15.Bf4 f6
16.Nc2 Nb5 17.Nd4 Nxd4 18.Qxd4 Rfd8 19.Qa4 a5 20.Rfd1 Qb4 21.Qb3+ Qxb3 22.Rxd8+ Rxd8
23.axb3 Be6 24.Be4 b6 25.Bc2 c5 26.Rd1 Rxd1+ 27.Bxd1 g5 28.Bd2 Kf7 29.f3 Nc6
30.e3 Ne5 31.Kf1 h6 32.Ke2 a4 33.bxa4 Bc4+ 34.Kf2 Nd3+ 35.Kg2 Nxb2 36.Bc2 Nd3
37.a5 bxa5 38.Bxa5 Nb4 39.Ba4 Ke6 40.e4 Nd3 41.Bc3 Nc1 42.Kf2 Ne2 43.Bb2 Nd4
44.Ke3 Bb5 45.Bd1 Nc6 46.f4 gxf4+ 47.gxf4 Ke7 48.Bc3 Nd8 49.Bb3 Be8 50.Ba5 Ne6
51.Bd5 Bd7 52.Be1 Kd6 53.f5 Nd4 54.Bg3+ Ke7 55.Bh4 Bxf5 56.e5 Be6 57.Bxf6+ Kf7
58.Bb7 Nb5 59.Bf3 c4 60.Bh5+ Kf8 61.Bg6 Nc3 62.Bd8 Nd5+ 63.Kd4 Nf4 64.Bc2 Kf7
65.Ba5 Ne2+ 66.Ke4 Bf5+ 67.Kxf5 Nd4+ 68.Ke4 Nxc2 69.Bd2 Ke6 70.Bxh6 Nb4 71.h4 Nc6
72.Bf4 c3 73.h5 c2 74.h6 c1=Q 75.Bxc1 Nxe5 76.Bb2 Nf7 77.h7 Ng5+  1/2-1/2

[Event "Dos Hermanas Internet Final"]
[Site "ICC INT"]
[Date "2004.03.13"]
[Round "1.2"]
[White "Volkov,S1"]
[Black "Gonzalez,Ren"]
[Result "1-0"]
[WhiteElo "2630"]
[BlackElo "2424"]

1.d4 d5 2.c4 c6 3.Nf3 dxc4 4.e3 Bg4 5.Bxc4 e6 6.h3 Bh5 7.Nc3 Nd7 8.e4 Ngf6
9.Be3 Be7 10.Qe2 O-O 11.Rd1 Qa5 12.g4 Bg6 13.Bd2 Qc7 14.O-O Rad8 15.Rfe1 Rfe8
16.Bg5 a6 17.Bh4 Qa5 18.a3 Rc8 19.Bd3 e5 20.dxe5 Nxe5 21.Nxe5 Qxe5 22.Bg3 Qa5
23.e5 Nd5 24.Nxd5 cxd5 25.Bxg6 hxg6 26.Qd3 Red8 27.e6 Bf6 28.exf7+ Kxf7 29.Re2 d4
30.h4 Qb5 31.g5 Qxd3 32.Rxd3 Be7 33.Rf3+ Ke8 34.Be5 d3 35.Rd2 Rc4 36.Bxg7 Rxh4
37.Bf6 Bxf6 38.gxf6 Kf7 39.Rfxd3 Rxd3 40.Rxd3 Kxf6 41.Rd6+ Kg5 42.Rd7 Rc4
43.Rxb7 Rc2 44.a4 a5 45.Rb6 Kh6 46.Kg2 Kh5 47.Kf3 Kg5 48.Ke3 Kh5 49.Rb5+ g5
50.f4 Kh6 51.fxg5+ Kg6 52.Kd3 Rg2 53.Kc3 Rg3+ 54.Kc2 Rg2+ 55.Kb3 Rg3+ 56.Ka2  1-0

[Event "TCh-SWE 2003-4"]
[Site "Goteborg SWE"]
[Date "2004.03.14"]
[Round "11"]
[White "Solozhenkin,E"]
[Black "Akesson,J"]
[Result "1/2-1/2"]
[WhiteElo "2482"]
[BlackElo "2333"]

1.d4 d5 2.Nf3 Nf6 3.c4 c6 4.Qb3 dxc4 5.Qxc4 Bf5 6.g3 e6 7.Bg2 Be7 8.O-O O-O
9.Nc3 Nbd7 10.Re1 Ne4 11.Qb3 Qb6 12.Nh4 Bxh4 13.gxh4 Ndf6 14.Nxe4 Bxe4 15.Qxb6 axb6
16.f3 Bd5 17.a3 Nd7 18.e4 Bb3 19.Re3 Bc4 20.Rc3 Ba6 21.Be3 Rfe8 22.Bh3 f5
23.Re1 Nf6 24.Bf4 fxe4 25.fxe4 Bb5 26.Bc7 Ra4 27.Bxb6 Nd7 28.Bc5 Nxc5 29.dxc5 e5
30.b4 Rea8 31.Ree3 Rd8 32.h5 Rd1+ 33.Kf2 Ra8 34.Rf3 Rad8 35.Kg3 Rg1+ 36.Bg2 Rd2
37.Rf2 Rxf2 38.Kxf2 Rd1 39.Bh3 g6 40.h6 Rd2+ 41.Kg3 Kf7 42.Bg4 Rd4 43.Kf3 Bd3
44.Bc8 Bxe4+ 45.Ke3 Ke7 46.Bxb7 Kd7 47.Ba6 Bf5 48.Kf2 Rh4 49.Kg2 Rxh6 50.Re3 Rh5
51.Be2 Rg5+ 52.Kf2 Be6 53.h4 Rf5+ 54.Kg3 h5 55.Bd3 Rf4 56.Re4 Bf5 57.Re3 Rg4+
58.Kf3 Rf4+ 59.Kg3 Rg4+ 60.Kf3 Rf4+ 61.Kg3 Rg4+  1/2-1/2

[Event "95th NY Masters"]
[Site "New York USA"]
[Date "2004.03.16"]
[Round "1"]
[White "Wolrich,C"]
[Black "Stripunsky,A"]
[Result "0-1"]
[WhiteElo "2241"]
[BlackElo "2553"]

1.d4 d5 2.c4 c6 3.Qc2 Nf6 4.Nf3 dxc4 5.Qxc4 Bg4 6.Nc3 Nbd7 7.Bg5 Bxf3 8.gxf3 Qa5
9.Bxf6 Nxf6 10.b4 Qb6 11.b5 e6 12.bxc6 Bb4 13.e4 O-O 14.Bd3 Qa5 15.Rc1 Rac8
16.a3 Qxa3  0-1

[Event "14th Asian Cities"]
[Site "Tagaytay City PHI"]
[Date "2004.03.21"]
[Round "1"]
[White "Nadera,B"]
[Black "Alsharhan,F"]
[Result "1-0"]
[WhiteElo "2390"]
[BlackElo "2125"]

1.d4 d5 2.Nf3 Nf6 3.c4 c6 4.Qc2 g6 5.cxd5 cxd5 6.Bf4 Bg7 7.Nc3 O-O 8.e3 Nc6
9.a3 Nh5 10.Bg5 Qa5 11.Be2 h6 12.Bh4 Bf5 13.Qb3 g5 14.Bg3 Nxg3 15.hxg3 e6
16.Qxb7 Rfc8 17.Qa6 Qd8 18.Qa4 Qb6 19.Qb5 Qc7 20.Qa4 Qb6 21.Qb5 Qc7 22.Qa4 Qb6
23.Bb5 a6 24.Bxc6 Rxc6 25.O-O Rc4 26.Qd7 Rd8 27.Nxd5 Qb8 28.Ne7+ Kf8 29.Nc6 Rxd7
30.Nxb8 Rb7 31.Nxa6 Rxb2 32.Rfc1 Rxc1+ 33.Rxc1 Bf6 34.Nc5 Kg7 35.Ne5 Bxe5
36.dxe5  1-0

[Event "It"]
[Site "Pinamar ARG"]
[Date "2004.03.25"]
[Round "2"]
[White "Lafuente,P"]
[Black "Soppe,G"]
[Result "1-0"]
[WhiteElo "2424"]
[BlackElo "2435"]

1.d4 d5 2.c4 c6 3.Nf3 dxc4 4.a4 b5 5.g3 Bb7 6.Bg2 e6 7.O-O Nd7 8.Nc3 a6 9.Ne5 Qc8
10.Nxd7 Qxd7 11.axb5 cxb5 12.d5 e5 13.f4 Bd6 14.Ne4 Nf6 15.fxe5 Bxe5 16.Bf4 Nxe4
17.Bxe5 f6 18.Bxe4 fxe5 19.e3 g6 20.Rf6 Rf8 21.Re6+ Kd8 22.Qd2 Kc8 23.Qb4 Rd8
24.Re7 Qd6 25.Qxd6 Rxd6 26.Rf1 Rd7 27.Rf8+ Kc7 28.Rxd7+ Kxd7 29.Rf7+ Kc8
30.Rxb7 Kxb7 31.d6+ Kb6 32.Bxa8 a5 33.Kf2 a4 34.Ke2 b4 35.Kd2  1-0

[Event "IV Open"]
[Site "Dos Hermanas ESP"]
[Date "2004.03.26"]
[Round "2"]
[White "Gonzalez Marrero,J"]
[Black "Karjakin,Sergey"]
[Result "0-1"]
[WhiteElo "2276"]
[BlackElo "2566"]

1.d4 d5 2.Nf3 Nf6 3.c4 c6 4.Qc2 dxc4 5.Qxc4 Bg4 6.Ne5 Be6 7.Qd3 Nbd7 8.Nxd7 Qxd7
9.e4 Rd8 10.Be3 Ng4 11.Be2 g6 12.Bxg4 Bxg4 13.f3 Be6 14.O-O Bg7 15.Rd1 O-O
16.Nc3 f5 17.Rac1 fxe4 18.fxe4 Qc7 19.b4 Be5 20.h3 Bg7 21.Ne2 Qd6 22.b5 Bxa2
23.bxc6 bxc6 24.Qc2 Qe6 25.Qxc6 Rd6 26.Qc3 Qxe4 27.Qd2 Bb3  0-1

[Event "12th Sigeman & Co"]
[Site "Malmoe/Copenhagen SWE"]
[Date "2004.04.01"]
[Round "2"]
[White "Agrest,E"]
[Black "Hector,J"]
[Result "1/2-1/2"]
[WhiteElo "2601"]
[BlackElo "2512"]

1.d4 d5 2.Nf3 Nf6 3.c4 c6 4.Qb3 dxc4 5.Qxc4 Bg4 6.Nbd2 Nbd7 7.g3 Qc7 8.h3 Bxf3
9.Nxf3 e5 10.dxe5 Nxe5 11.Nxe5 Qxe5 12.Bg2 Qc5 13.Qxc5 Bxc5 14.O-O O-O-O
15.Bf4 Nd5 16.Bd2 Rd7 17.Bf3 Nc7 18.Ba5 Bb6 19.Bb4 Rhd8 20.Bg4 Ne6 21.e3 g6
22.Rfc1 f5 23.Be2 Ng5 24.Kg2 Ne4 25.Rd1 Bc7 26.Rxd7 Rxd7 27.Rc1 Be5 28.Rc2 Kc7
29.Be1 Rd5 30.Bf3 b5 31.g4 Kb6 32.Kf1 c5 33.Bg2 Rd1 34.Ke2 Rb1 35.f3 Nf6
36.b3 f4 37.exf4 Bd4 38.Bf1 Nd5 39.Bd2 b4 40.f5 gxf5 41.gxf5 Nc3+ 42.Bxc3 bxc3
43.f4 c4 44.bxc4 Kc5 45.Bg2 Kxc4 46.Be4 Rg1 47.f6 Bxf6 48.Bxh7 Rg3 49.Bf5 Kd4
50.Kf1 Bh4 51.Re2 Rf3+ 52.Kg1 Re3 53.Kf1 a5 54.Bc2 Rf3+ 55.Kg1 Rxf4 56.Re8 Rf2
57.Bh7 Rf4 58.Ra8 Rf7 59.Bc2 Bf2+ 60.Kg2 Be1 61.Rd8+ Kc5 62.Bb3 Rf2+ 63.Kg1 Rf6
64.Re8 Bf2+ 65.Kf1 Kb4 66.Ke2 Ka3 67.Kd3 Rf3+ 68.Ke2 Rf4 69.Kd3 Bd4 70.Ra8 Kb2
71.Rxa5 Bf6 72.Rc5 Rf3+ 73.Ke4 Rxh3 74.Rc6 Be7 75.Rc7 Ba3 76.Rc8 Rh5 77.Kd3 Bc5
78.Kc4 Bf2 79.Kd3 Re5 80.Rc4 Re1 81.Re4 Rxe4  1/2-1/2

[Event "10th Schloss Open"]
[Site "Werther GER"]
[Date "2004.04.04"]
[Round "4"]
[White "Gelashvili,T"]
[Black "Malakhatko,V"]
[Result "1-0"]
[WhiteElo "2535"]
[BlackElo "2543"]

1.d4 d5 2.c4 c6 3.Nf3 Nf6 4.Qb3 dxc4 5.Qxc4 Bf5 6.Nc3 e6 7.g3 Nbd7 8.Bg2 Be7
9.Qb3 Qb6 10.Nd2 O-O 11.Nc4 Qa6 12.e4 Bg6 13.O-O b5 14.Nd2 Rab8 15.Ne2 c5
16.Qe3 Rfd8 17.Nb3 Rbc8 18.h3 cxd4 19.Nexd4 Nc5 20.Qe2 Bxe4 21.Bxe4 Nfxe4
22.Be3 Rb8 23.Rfc1 Rd5 24.Nxc5 Bxc5 25.Nb3 Bxe3 26.Qxe3 Nd6 27.Rc7 Qb6 28.Qxb6 axb6
29.Rac1 g5 30.R1c2 Ra8 31.Nc1 b4 32.Rd7 Raa5 33.Kg2 Rac5 34.Rxc5 bxc5 35.a4 bxa3
36.bxa3 c4 37.a4 Kf8 38.a5 Ke8 39.Ra7 Kd8 40.Kf3 h5 41.Ke2 Rc5 42.Na2 c3
43.a6 c2 44.Kd2 Rc7 45.Ra8+ Kd7 46.Kc1 Nb5 47.Rf8 Kc6 48.Kxc2 Kb6+ 49.Kd3 Kxa6
50.Rh8 g4 51.Rxh5 gxh3 52.Rxh3 Kb6 53.Rh5 Ra7 54.Nc1 Ra3+ 55.Kd2 Nd4 56.Nd3 Nf3+
57.Ke2 Nd4+ 58.Ke3 Nf5+ 59.Kd2 Ra2+ 60.Ke1 Nd6 61.Rh7 Ra5 62.g4 Kc7 63.f4 Kd8
64.Ne5 Ra1+ 65.Kf2 Ke8 66.Rh8+ Ke7 67.Rh7 Ra4 68.Kg3 Ra3+ 69.Kf2 Ra4 70.Nd3 Rd4
71.Ke3 Re4+ 72.Kf3 Ra4 73.Rh8 Ra3 74.Ke2 Kf6 75.Rd8 Nc4 76.Rd7 Kg7 77.Rc7 Ra2+
78.Kf3 Ra3 79.Ke2 Ra2+ 80.Ke1 Nd6 81.Ne5 Ra1+ 82.Kf2 Ra2+ 83.Kg3 Ne4+ 84.Kf3 Nd6
85.Rd7 Ra3+ 86.Kg2 Ra6 87.g5 Kf8 88.Kf3 Ke8  1-0

[Event "10th Schloss Open"]
[Site "Werther GER"]
[Date "2004.04.04"]
[Round "5"]
[White "Shengelia,D"]
[Black "Braun,Vi"]
[Result "0-1"]
[WhiteElo "2496"]
[BlackElo "2209"]

1.d4 d5 2.Nf3 Nf6 3.c4 c6 4.Qb3 dxc4 5.Qxc4 Bf5 6.g3 e6 7.Nc3 Nbd7 8.Bg2 Be7
9.e3 h6 10.O-O O-O 11.Qe2 Qc7 12.e4 Bh7 13.Bf4 Qb6 14.Rad1 Rfe8 15.Ne5 Rad8
16.Nc4 Qa6 17.Bc7 Rc8 18.Bd6 Nb6 19.Bxe7 Rxe7 20.b3 Rd8 21.Rd2 Red7 22.Rfd1 Bg6
23.h3 Nxc4 24.bxc4 Qa5 25.Qe3 e5 26.d5 Ne8 27.c5 Nc7 28.Bf1 Na6 29.Bxa6 Qxa6
30.d6 b6 31.f4 f6 32.Ne2 Qa5 33.cxb6 axb6 34.Qb3+ Bf7 35.Qc2 Qa3 36.Qxc6 Qe3+
37.Kf1 Qf3+ 38.Kg1 exf4 39.Nxf4 Qxg3+ 40.Ng2 Qxh3 41.Qxb6 Qa3 42.Ne3 Bh5
43.Rd3 Qxa2 44.R1d2 Qa1+ 45.Kg2 Qe5 46.Qd4 Qg5+ 47.Kh3 Rxd6 48.Nd5 Bg4+ 49.Kh2 Kh8
50.Rg3 h5 51.Rf2 Rxd5 52.exd5 Rxd5 53.Qc3 Rd1 54.Rb2 Qh4+ 55.Kg2 Qh1+ 56.Kf2 Qh2+  0-1